| 000 | 00741nam a22001815i 4500 | ||
|---|---|---|---|
| 001 | 162529 | ||
| 003 | ES-MaACL | ||
| 005 | 20250721145133.0 | ||
| 008 | 960802s1881 sp |||| | spa d | ||
| 040 |
_aCLM _bspa _cCLM |
||
| 100 | 1 |
_aPrat y Mas, Juan. _9131342 |
|
| 245 | 1 | 0 |
_aMemoria sobre el aire atmosférico considerado física y químicamente, y su acción en los fenómenos de la naturaleza orgánica inorgánica / _cpor Juan Prat y Mas. |
| 260 |
_aBarcelona : _b[s.n.], _c1881 ( _fImprenta de Víctor Berdós y Feliu) |
||
| 300 |
_a40 p. ; _c22 cm. |
||
| 650 | 7 |
_aMeteorología _2embne _915017 |
|
| 852 |
_aES-MaACL _jT-625-F-9 _z-- Enc. hol. _q-- Falto de la cub. original _z-- Enc. en un vol. facticio |
||
| 999 |
_c162529 _d162529 |
||